1510 1947 1236 1430 1909 1540 1475 1562 1877 1092 1442 1500 1185 1962 1616 1766 1993 1522 1568 1911 1919 1575 1811 1035 1214 1764 1957 1577 1760 1662 1531 1502 1139 1752 1975 1183 1112 1287 1896 1612 1451 1767 1640 1550 1881 1776 1639 1936 1300 1485 1350 1168 1427 1387 1779 1432 1374 1638 1541 1413 1399 1834 1466 1816 1457 1041 1971 1269 1666 1720 1655 1676 1350 1043 1502 1313 1646 1939 1917 1878 1055 1179 1129 1424 1105 1241 1295 1790 1230 1537 1289 1633 1998 1046 1325 1287 1844 1407 1917 BCNSPRNW ULIB Ver.6.0+V

เปลี่ยนเป็นภาษาไทย

Change to English
 แสดงรายละเอียดบรรณานุกรม
  กลับหน้าหลัก

Brief Record : Get Marc (ISO 2709) : E-mail record : QR code < ปิดหน้าต่าง
LEADER : 00000nam 2200000uu 4500
001    13399109722
003     ULIB
008    110410s2545||||th 000 0 tha d
020    9742972257
060 04 WC1JT3^bท689ร 2545
110 2  กรมควบคุมโรคติดต่อ^bกองโรคเท้าช้าง
245 10 รายงานประจำปี 2545/^cกองโรคเท้าช้าง
260    กรุงเทพฯ :^bกองมาลาเรีย,^c2545
300    103 หน้า :^bภาพประกอบ, ภาพคนเหมือน, แผนที่ ;^c26 ซม.
310    รายปี
500    ข้อมูลส่วนใหญ่เป็นตาราง
610 27 กองโรคเท้าช้าง^vรายงานประจำปี
610 27 กองโรคเท้าช้าง^xการจัดส่วนราชการ
650  7 โรคเท้าช้าง^zไทย^xสถิติ
730 02 รายงานประจำปี (กองโรคเท้าช้าง) 2545
945    ^p0^l0^i016183
945    ^p0^l0^i016181
945    ^p0^l0^i016182
995    ทศพร
999 ^a ใช้งานได้ทุกระบบ
รายการนี้ยังไม่มีแท็ก
คุณยังไม่ได้ล็อกอิน คุณสามารถมีกิจกรรมร่วมกับเว็บไซต์ได้ แต่ต้องล็อกอินก่อน ::
  ล็อกอิน

รายการสื่อสารสนเทศ

ลำดับที่ ประเภท เลขเรียก/บาร์โค้ด สถานที่ สถานะ
- ไม่พบข้อมูล -

BibComment


ยังไม่เคยถูกคอมเมนท์

คอมเมนท์ทรัพยากรรายการนี้
  คอมเมนท์: รายงานประจำปี 254..


 Copyright 2026. Bcnsprnw @Library